LEADER 00899nam a2200241 i 4500 001 000000132577 003 CaOOAMICUS 005 20041210000000.0 008 041210s1989 it u000 u ita u 013 $a105535 040 $aSeMil$bita 100 1 $aFederici, Luigi Tommaso$b<1927-2002>.$0(OLS)http://semarc/name/1123 245 10$aCiclo A. 300 $a1231 p. 490 0 $aPuteoli Resurgentes ;$v5 500 $aFondo Card. C.M. Martini. 773 0 $aFederici, Luigi Tommaso <1927-2002>$tPer conoscere Lui e la potenza della Resurrezione di Lui.$dRoma : Dehoniane, 1987-1989.$g4$w()12633 830 0$aPuteoli resurgentes ;$v5.$0(OLS)http://semarc/title/10812 850 $aSeMil 852 $aSeMil$W1$xVenegono$y1$m3K III 380$j86483$B86483$CSeMilBibl$Z2$F90236 $81 941 1 $a4 961 $aOmaggio: Martini Card. Carlo Maria 996 $6245$aCiclo A$9(OLS)http://semarc/title/105775 LEADER 00943nam a2200217 4500 001 000000339497 003 CaOOAMICUS 005 20200217000000.0 008 200217s1983 it 000 u ita r 040 $aSeMil$bita 100 1 $aLermontov, Michail Jur'evic.$0(OLS)http://semarc/name/58872 240 10$aKnjaghìnja Ligovskaja.$0(OLS)http://semarc/title/428292 245 13$aLa principessa Ligovskaja e altri racconti /$cMichaìl Jùrjevic Lèrmontov. 264 1$aNovara :$bIstituto Geografico De Agostini,$c1983. 300 $a301 p. ;$c20 cm 830 0$aCapolavori della narrativa.$0(OLS)http://semarc/title/11442 850 $aSeMil 852 $aSeMil$W1$xVenegono$y1$m1V I 432$j221304$B232873$CSeMilBibl$Z2$F232873 $81 996 $6245$aLa principessa Ligovskaja e altri racconti$9(OLS)http://semarc/title/428293 996 $6264$aNovara :$bIstituto Geografico De Agostini$9(OLS)http://semarc/publisher/31865 LEADER 01232nam a2200289 i 4500 001 000000241742 003 CaOOAMICUS 005 20241127145705.0 008 150514s1817 it u000 u fre u 013 $a220647 026 $aueui u-nt eson Mere (7) 1817 (R) 040 $aSeMil$bita 100 1 $aCarron, Guy Toussaint Julien,$d<1760-1821>.$0(OLS)http://semarc/name/14701 245 13$aLa vertu parée de tous ses charmes, ou Traité sur la douceur, par l'abbé Carron. 250 $aSeconde édition. 264 1$aParis :$bH. Nicolle ;$aLille :$bVanackere,$c1817. 300 $a394 p., [1] c. di tav. :$bill. ;$c15 cm. 650 4$aVirtù.$0(OLS)http://semarc/subject/1808 650 4$aDolcezza - Virtù.$0(OLS)http://semarc/subject/42378 850 $aSeMil 852 $aSeMil$W1$xVenegono$y1$m3F I 220 FA$j192088$B192088$CSeMilBibl$Z2$F202886 $8I 941 1 $a10 961 $aRecupero: Mantegazza 996 $6245$aLa vertu parée de tous ses charmes, ou Traité sur la douceur, par l'abbé Carron$9(OLS)http://semarc/title/343515 996 $6264$aParis :$bH. Nicolle$9(OLS)http://semarc/publisher/54626 996 $6264$aLille :$bVanackere$9(OLS)http://semarc/publisher/54627 LEADER 01036nam a2200241 i 4500 001 000000115855 003 CaOOAMICUS 005 20050611000000.0 008 050611s1975 it u000 u ita u 013 $a88544 040 $aSeMil$bita 100 1 $aRossi, Mario Vittorio <1925->.$0(OLS)http://semarc/name/43751 245 12$aI giorni dell'onnipotenza :$bmemoria di un'esperienza cattolica /$cMario V. Rossi. 260 $aRoma :$bCoines,$c1975. 300 $a221 p. ;$c19 cm. 490 0 $aUniversale Coines. Politica e storia ;$v15 650 4$aCristianesimo e politica.$0(OLS)http://semarc/subject/5911 830 0$aUniversale Coines. Politica e storia ;$v15.$0(OLS)http://semarc/title/12434 850 $aSeMil 852 $aSeMil$W1$xVenegono$y1$m3N II 477$j71351$B71351$CSeMilBibl$Z2$F100102 $81 961 $aLascito: Colombo Card. Giovanni 996 $6245$aI giorni dell'onnipotenza :$bmemoria di un'esperienza cattolica$9(OLS)http://semarc/title/169766 996 $6260$aRoma :$bCoines$9(OLS)http://semarc/publisher/31506